| 000 | 00898nam a22002777a 4500 | ||
|---|---|---|---|
| 999 |
_c20430 _d20430 |
||
| 003 | AR-CdUCM | ||
| 008 | 190308b ||||| |||| 00| 0 spa d | ||
| 040 |
_aMUNICIPALIDAD PROVINCIAL DEL CUSCO _cBIBLIOTECA MUNICIPAL DEL CUSCO |
||
| 041 | _hfre | ||
| 082 |
_a780.9 / _bH73 |
||
| 100 |
_aHonolka, Kurt _942718 |
||
| 245 | _aHistoria de la música / | ||
| 260 |
_aMadrid : _bEdaf, _c1970. |
||
| 300 |
_a485 páginas ; _c28 cm. _bGraficos, imagenes |
||
| 505 | _aContenido: Música en la prehistoria -- Música extra-Europea -- La música occidental en el siglo I de nuestra era... | ||
| 650 |
_aMúsica _91443 |
||
| 650 |
_aPrehistoria _9685 |
||
| 650 |
_aRenacimiento _95449 |
||
| 650 |
_aSiglo xx _916688 |
||
| 700 |
_aRichter, Lukas _942719 |
||
| 700 |
_aNettl, Paul _928932 |
||
| 700 |
_aStablein, Bruno _942720 |
||
| 700 |
_aEngel, Hans _942721 |
||
| 942 |
_2ddc _cLIBROS |
||
| 945 | _arcc | ||